000 01192nam0a22003011 4500
001 rc\3360612
005 20130115152810.2
021 _aRU
_b[73-50248]
035 _a(NLR Aleph) 007525512
090 _a7738844
_c7738844
100 _a20130115d1973 |||y0rusy50 ca
101 0 _arus
102 _aRU
105 _ay z |||||
200 1 _aДиалектика субъекта и объекта в философии Шеллинга
_fЛенингр. гос. ун-т им. А.А. Жданова
210 _aЛенинград
_cИзд-во Ленингр. ун-та
_d1973
215 _a112 с.
_d21
320 _aСписок лит.: с. 110-112 (68 назв.)
606 _aНемецкая философия
_z18-19 вв.
_2psbo
606 _aСубъект и объект (филос.)
_2psbo
606 _aДиалектика идеалистическая
_2psbo
700 1 _aЛиньков
_bЕ. С.
_gЕвгений Семенович
702 1 _aШеллинг
_bФ. В. Й. фон
_f1775-1854
_gФридрих Вильгельм Йозеф фон
_4570
801 0 _aRU
_bNLR
_gpsbo
801 1 _aRU
_bELAR
_2rusmarc
852 _aNLR
_j73-5/2577
942 _cBOOK
980 _aNB